Los actos de los representantes de los estados miembros en el seno del consejo de la Unin̤ Europea

Bibliographic Details
Main Author: Palomares Amat, Miquel
Other Authors: Abellǹ, Victoria (Conductor)
Format: Unknown
Language:Spanish
Published: Barcelona : BOSCH EDITOR, 2004
Subjects:
Online Access:Acceso restringido

MARC

LEADER 00000ny a22000003n 4500
005 20110620182042.0
006 m u
007 cr cn|||||||||
008 200805r20042008sp |||||s|||||||||||spa d
020 |a 9788476987148 
035 |a 610 
040 |a FlNmELB  |c FlNmELB  |d vlex 
050 1 4 |a JX3091  |b P181 2004eb 
080 |a 341.1/.8 
090 |c 1347  |d 1347 
100 1 |a Palomares Amat, Miquel 
245 1 4 |a Los actos de los representantes de los estados miembros en el seno del consejo de la Unin̤ Europea  |h [Recurso electrn̤ico]  |c Miquel Palomares Amat; directora, Victoria Abellǹ 
256 |a Servicio en ln̕ea 
260 |a Barcelona :  |b BOSCH EDITOR,  |c 2004 
300 |a 9-151 p 
506 1 |a Contenido solo disponible en los productos indicados  |d vLex Global  |d vLex Global (Academic Edition, excluding Law Schools)  |d vLex Global (U.S. Academic Edition, Law Schools)  |d vLex Global (U.S. Academic Edition, excluding Law Schools)  |d vLex Global (Academic Edition, Law Schools) 
650 0 7 |a Comunitario  |2 Tesauro vLex 
700 1 |a Abellǹ, Victoria,   |e dir 
740 0 |a vLex Libros (Servicios en ln̕ea) 
856 4 0 |z Acceso restringido  |u http://vlex.com/source/consejo-union-europea-actos-representantes-estados-miembros-610 
942 |c BOOK